LEADER 01900cam2-2200541---450- 001 990001326150203316 005 20130319130940.0 010 $a0-19-814561-6 035 $a000132615 035 $aUSA01000132615 035 $a(ALEPH)000132615USA01 035 $a000132615 100 $a20031230d1964----km-y0itay50------ba 101 0 $agrc$alat 102 $aGB 105 $ay|||z|||001yy 200 1 $a<<1:>> Porphyrii Vita Plotini$aEnneades I-III$fediderunt Paul Henry et Hans-Rudolf Schwyzer 210 $aOxonii$ce Typographeo Clarendoniano$d1964 215 $aXXVIII, 382 p.$d20 cm 410 0$1001000300544$aScriptorum classicorum bibliotheca Oxoniensis 461 0$1001000132611$12001$aPlotini opera 540 1 $aEnneades 1.-3 700 0$aPLOTINUS$0198801 701 1$aSCHWYZER,$bHans-Rudolf$0315384 702 1$aHENRY,$bPaul 801 0$aIT$bsalbc$gISBD 912 $a990001326150203316 951 $aV.1. Coll.32/ 19/1(VIII A Coll 98/2)$b51626 L.M.$cV.1. Coll. 951 $aV.1. Coll. 32/ 19/1a$b202467 L.M.$cV.1. Coll.$d00064699 951 $aXV.8. Coll. 9/ 16 1$b221922 L.M.$cXV.8. Coll. 959 $aBK 969 $aUMA 969 $aFSO 979 $aSIAV6$b10$c20031230$lUSA01$h1611 979 $aPATRY$b90$c20040406$lUSA01$h1734 979 $aCOPAT6$b90$c20051115$lUSA01$h0951 979 $aCOPAT6$b90$c20060322$lUSA01$h1733 979 $aANNAMARIA$b90$c20071106$lUSA01$h1355 979 $aANNAMARIA$b90$c20071106$lUSA01$h1359 979 $aANNAMARIA$b90$c20071106$lUSA01$h1400 979 $aANNAMARIA$b90$c20071106$lUSA01$h1401 979 $aANNAMARIA$b90$c20121102$lUSA01$h1439 979 $aANNAMARIA$b90$c20121102$lUSA01$h1439 979 $aANNAMARIA$b90$c20121105$lUSA01$h1344 979 $aANNAMARIA$b90$c20130319$lUSA01$h1309 996 $aEnneades I-III$9926389 996 $aPorphyrii Vita Plotini$9926388 997 $aUNISA LEADER 05821nam 2201069Ia 450 001 9910778862803321 005 20230421035528.0 010 $a1-280-08880-X 010 $a9786613520326 010 $a0-520-92246-8 010 $a0-585-25300-5 024 7 $a10.1525/9780520922464 035 $a(CKB)111004366722908 035 $a(EBL)871912 035 $a(OCoLC)45733585 035 $a(SSID)ssj0000221859 035 $a(PQKBManifestationID)11199230 035 $a(PQKBTitleCode)TC0000221859 035 $a(PQKBWorkID)10162149 035 $a(PQKB)10270111 035 $a(MiAaPQ)EBC871912 035 $a(OCoLC)839982100 035 $a(MdBmJHUP)muse30969 035 $a(DE-B1597)519836 035 $a(OCoLC)785731923 035 $a(DE-B1597)9780520922464 035 $a(Au-PeEL)EBL871912 035 $a(CaPaEBR)ebr10546124 035 $a(CaONFJC)MIL352032 035 $a(EXLCZ)99111004366722908 100 $a19980211d1998 uy 0 101 0 $aeng 135 $aurcn||||||||| 181 $ctxt 182 $cc 183 $acr 200 10$aPilgrim stories$b[electronic resource] $eon and off the road to Santiago /$fNancy Louise Frey 210 $aBerkeley $cUniversity of California Press$dc1998 215 $a1 online resource (331 p.) 300 $aDescription based upon print version of record. 311 $a0-520-21084-0 311 $a0-520-21751-9 320 $aIncludes bibliographical references and index. 327 $tFront matter --$tContents --$tIllustrations --$tAcknowledgments --$tIntroduction: Arriving At The End --$tChapter 1. Pilgrims To Santiago --$tChapter 2. Journey Shaping --$tChapter 3. Learning New Rhythms --$tChapter 4. Landscapes Of Discovery --$tChapter 5. Arrivals And Endings --$tChapter 6. Santiago --$tChapter 7. To The End Of The Earth --$tChapter 8. Going Home --$tConclusions: Arriving At The Beginning --$tAppendix A. Fieldwork On The Road --$tAppendix B. The Twentieth-Century Reanimation --$tNotes --$tReferences --$tIndex 330 $aEach year thousands of men and women from more than sixty countries journey by foot and bicycle across northern Spain, following the medieval pilgrimage road known as the Camino de Santiago. Their destination is Santiago de Compostela, where the remains of the apostle James are said to be buried. These modern-day pilgrims and the role of the pilgrimage in their lives are the subject of Nancy Louise Frey's fascinating book. Unlike the religiously-oriented pilgrims who visit Marian shrines such as Lourdes, the modern Road of St. James attracts an ecumenical mix of largely well-educated, urban middle-class participants. Eschewing comfortable methods of travel, they choose physically demanding journeys, some as long as four months, in order to experience nature, enjoy cultural and historical patrimony, renew faith, or cope with personal trauma. Frey's anthropological study focuses on the remarkable reanimation of the Road that has gained momentum since the 1980's. Her intensive fieldwork (including making the pilgrimage several times herself) provides a colorful portrayal of the pilgrimage while revealing a spectrum of hopes, discontents, and desires among its participants, many of whom feel estranged from society. The Camino's physical and mental journey offers them closer community, greater personal knowledge, and links to the past and to nature. But what happens when pilgrims return home? Exploring this crucial question Frey finds that pilgrims often reflect deeply on their lives and some make significant changes: an artistic voice is discovered, a marriage is ended, meaningful work is found. Other pilgrims repeat the pilgrimage or join a pilgrims' association to keep their connection to the Camino alive. And some only remain pilgrims while on the road. In all, Pilgrim Stories is an exceptional prism through which to understand the desires and dissatisfactions of contemporary Western life at the end of the millennium. "Feet are touched, discussed, massaged, [and] become signs of a journey well traveled: 'I did it all on foot!' . . . Pilgrims give feet a power and importance not recognized in daily life, as a causeway and direct channel to the road, the past, meaningful relations, nature, and the self." 606 $aChristian pilgrims and pilgrimages$zSpain$zSantiago de Compostela 606 $aChristian pilgrims and pilgrimages$zSpain$zSantiago de Compostela$vInterviews 607 $aSantiago de Compostela (Spain)$xChurch history$y20th century 610 $a1980s. 610 $aanthropology. 610 $aathletes. 610 $aathletics. 610 $abicycle. 610 $abike race. 610 $aclass issues. 610 $aeuropean history. 610 $afaith. 610 $ahistorical. 610 $amarian shrines. 610 $amarian. 610 $amiddle class. 610 $anatural world. 610 $anature. 610 $apilgrims. 610 $aprofessional athletes. 610 $areligion. 610 $areligious pilgrimage. 610 $areligious studies. 610 $aself actualization. 610 $aself discovery. 610 $ashrines. 610 $aspain. 610 $aspanish history. 610 $atourism. 610 $atourists. 610 $atrauma. 610 $atravel. 610 $atrue story. 610 $aurban. 610 $avirgin mary. 615 0$aChristian pilgrims and pilgrimages 615 0$aChristian pilgrims and pilgrimages 676 $a263/.0424611 686 $aBO 1935$2rvk 700 $aFrey$b Nancy Louise$f1968-$01492654 801 0$bMiAaPQ 801 1$bMiAaPQ 801 2$bMiAaPQ 906 $aBOOK 912 $a9910778862803321 996 $aPilgrim stories$93715272 997 $aUNINA LEADER 03516nam 22004693 450 001 9910915797103321 005 20231023084510.0 010 $a2-7598-3164-7 024 7 $a10.1051/978-2-7598-3164-7 035 $a(CKB)28305318100041 035 $a(MiAaPQ)EBC30800175 035 $a(Au-PeEL)EBL30800175 035 $a(PPN)273095528 035 $a(DE-B1597)671781 035 $a(DE-B1597)9782759831647 035 $a(EXLCZ)9928305318100041 100 $a20231023d2023 uy 0 101 0 $aeng 135 $aurcnu|||||||| 181 $ctxt$2rdacontent 182 $cc$2rdamedia 183 $acr$2rdacarrier 200 10$aOptimization Techniques I $eContinuous Optimization 205 $a1st ed. 210 1$aLes Ulis :$cEDP Sciences,$d2023. 210 4$d©2023. 215 $a1 online resource (484 pages) 225 1 $aCurrent Natural Sciences Series 311 $a9782759831623 327 $tFrontmatter -- $tPreface -- $tIntroduction -- $tTable of contents -- $t1. Continuous optimization -- $tIntroduction -- $t1.1 Formulation -- $t1.2 Numerical derivatives -- $t1.3 Problem reduction -- $t1.4 Global optimum -- $t1.5 Local optimum -- $t1.6 Conclusion -- $t2. Gradient-free optimization -- $tIntroduction -- $t2.1 Difficult optimization -- $t2.2 One-dimensional optimization -- $t2.3 DIRECT method -- $t2.4 Nelder-Mead method -- $t2.5 Affine shaker -- $t2.6 CMAES -- $t2.7 Simulated annealing -- $t2.8 Research with tabu -- $t2.9 Particle swarms -- $t2.10 Ant colonies -- $t2.11 Evolutionary algorithms -- $t2.12 Conclusion -- $t3. Unconstrained optimization -- $tIntroduction -- $t3.1 Newton?s method -- $t3.2 Quasi-Newton methods -- $t3.3 Line search -- $t3.4 Trust region -- $t3.5 Proximal methods -- $t3.6 Convergence -- $t3.7 Conclusion -- $t4. Constrained optimization -- $tIntroduction -- $t4.1 Classification of methods -- $t4.2 Penalization -- $t4.3 Reduced gradient -- $t4.4 Sequential quadratic programming -- $t4.5 Interior point -- $t4.6 Augmented Lagrangian -- $t4.7 Conclusion -- $t5. Linear programming -- $tIntroduction -- $t5.1 Simplex -- $t5.2 Interior point -- $t5.3 Conclusion -- $tIndex -- $tBibliography 330 $aThis book in two volumes provides an overview of continuous, discrete and functional optimization techniques. This first volume is devoted to continuous optimization, which deals with problems with real variables, without or with constraints. After a reminder of the optimality conditions and their geometrical interpretation, the topics covered are:-gradient-free algorithms that can be applied to any type of function;-unconstrained algorithms based on Newton-type descent methods;-algorithms with constraints: penalization, primal, dual and primal-dual methods;-linear programming with the simplex method and interior point methods. The emphasis is on understanding the principles rather than on mathematical rigor. Each concept or algorithm is accompanied by a detailed example to help you grasp the main ideas. This book is the result of 30 years of experience and is intended for students, researchers and engineers wishing to acquire a general knowledge in the field of optimization. 410 0$aCurrent Natural Sciences Series 606 $aMATHEMATICS / Applied$2bisacsh 615 7$aMATHEMATICS / Applied. 700 $aCerf$b Max$01775972 801 0$bMiAaPQ 801 1$bMiAaPQ 801 2$bMiAaPQ 906 $aBOOK 912 $a9910915797103321 996 $aOptimization Techniques I$94303374 997 $aUNINA LEADER 05204nam 22007814a 450 001 9910956260403321 005 20210602214839.0 010 $a0-231-50961-8 024 7 $a10.7312/bale13562 035 $a(CKB)1000000000465601 035 $a(EBL)909497 035 $a(OCoLC)76705658 035 $a(SSID)ssj0000259398 035 $a(PQKBManifestationID)11204461 035 $a(PQKBTitleCode)TC0000259398 035 $a(PQKBWorkID)10274208 035 $a(PQKB)11640403 035 $a(DE-B1597)458627 035 $a(OCoLC)979751595 035 $a(DE-B1597)9780231509619 035 $a(Au-PeEL)EBL909497 035 $a(CaPaEBR)ebr10183588 035 $a(CaONFJC)MIL811679 035 $a(PPN)251125912 035 $a(Perlego)775507 035 $a(MiAaPQ)EBC909497 035 $a(EXLCZ)991000000000465601 100 $a20050526d2006 uy 0 101 0 $aeng 135 $aurun#---uuu|u 181 $ctxt 182 $cc 183 $acr 200 10$aTime and complexity in historical ecology $estudies in the neotropical lowlands /$fedited by William Bale?e and Clark L. Erickson 210 $aNew York $cColumbia University Press$dc2006 215 $a1 online resource (777 p.) 225 1 $aThe historical ecology series 300 $aPapers originally presented at the Symposium on Neotropical Historical Ecology at the Neotropical Ecology Institute of Tulane University in October 2002. 311 08$a0-231-13562-9 320 $aIncludes bibliographical references and index. 327 $tFront matter --$tCONTENTS --$tPreface /$rBalée, William / Erickson, Clark --$tContributors --$tTime, Complexity, and Historical Ecology /$rBalée, William / Erickson, Clark L. --$tPART 1 --$t1. The Feral Forests of the Eastern Petén /$rCampbell, David G. / Ford, Anabel / Lowell, Karen S. / Walker, Jay / Lake, Jeffrey K. / Campo-Raeder, Constanza / Townesmith, Andrew / Balick, Michael --$t2. A Neotropical Framework for Terra Preta /$rGraham, Elizabeth --$t3. Domesticated Food and Society in Early Coastal Peru /$rHastorf, Christine A. --$t4. Microvertebrate Synecology and Anthropogenic Footprints in the Forested Neotropics /$rStahl, Peter W. --$tPART 2 --$t5. Pre-European Forest Cultivation in Amazonia /$rDenevan, William M. --$t6. Fruit Trees and the Transition to Food Production in Amazonia /$rClement, Charles R. --$t7. The Historical Ecology of a Complex Landscape in Bolivia /$rErickson, Clark L. / Balée, William --$t8. The Domesticated Landscapes of the Bolivian Amazon /$rErickson, Clark L. --$t9. Political Economy and Pre-Columbian Landscape Transformations in Central Amazonia /$rNeves, Eduardo G. / Petersen, James B. --$t10. History, Ecology, and Alterity /$rHeckenberger, Michael --$t11. Between the Ship and the Bulldozer /$rCormier, Loretta A. --$t12. Landscapes of the Past, Footprints of the Future /$rBrondízio, Eduardo S. --$tIndex 330 $aThis collection of studies by anthropologists, botanists, ecologists, and biologists is an important contribution to the emerging field of historical ecology. The book combines cutting-edge research with new perspectives to emphasize the close relationship between humans and their natural environment. Contributors examine how alterations in the natural world mirror human cultures, societies, and languages. Treating the landscape like a text, these researchers decipher patterns and meaning in the Ecuadorian Andes, Amazonia, the desert coast of Peru, and other regions in the neotropics. They show how local peoples have changed the landscape over time to fit their needs by managing and modifying species diversity, enhancing landscape heterogeneity, and controlling ecological disturbance. In turn, the environment itself becomes a form of architecture rich with historical and archaeological significance. Time and Complexity in Historical Ecology explores thousands of years of ecological history while also addressing important contemporary issues, such as biodiversity and genetic variation and change. Engagingly written and expertly researched, this book introduces and exemplifies a unique method for better understanding the link between humans and the biosphere. 410 0$aHistorical ecology series. 606 $aHuman ecology$zLatin America$vCongresses 606 $aHuman ecology$zTropics$vCongresses 606 $aRain forest ecology$zLatin America$vCongresses 606 $aEthnobiology$zLatin America$vCongresses 606 $aAgriculture$zTropics$vCongresses 606 $aLand use$zLatin America$vCongresses 606 $aLandscape changes$zLatin America$vCongresses 615 0$aHuman ecology 615 0$aHuman ecology 615 0$aRain forest ecology 615 0$aEthnobiology 615 0$aAgriculture 615 0$aLand use 615 0$aLandscape changes 676 $a304.2/098 700 $aBalée$b William, $0847182 701 $aBale?e$b William L.$f1954-$01892792 701 $aErickson$b Clark L$01892793 801 0$bMiAaPQ 801 1$bMiAaPQ 801 2$bMiAaPQ 906 $aBOOK 912 $a9910956260403321 996 $aTime and complexity in historical ecology$94539648 997 $aUNINA